000 02639nam0a2200433 4500
001 RU\NLR\bibl\257161
005 20260406043423.0
010 _a5-17-010921-0
_94000
021 _aRU
_b2002-979
_952
035 _a(NLR Aleph) 000252907
090 _a1476004
_c1476004
100 _a20020419d2001 |||y0rusy50 ca
101 0 _arus
102 _aRU
105 _ay |||||||||
200 1 _aДревнерусская литература
_f[Сост., авт. справ. и метод. материалов Л.Д. Страхова]
210 _aМ.
_cАСТ
_cОлимп
_d2001
215 _a604,[1] с.
_d21
225 1 _aШкола классики
_eШК
_eКн. для ученика и учителя
300 _aНа тит.л. и обл. загл. сер.: Кн. для ученика и учителя
320 _aБиблиогр.: с. 602-603
327 0 _aСодерж.: Повесть временных лет. "Поучение" Владимира Мономаха. О походе Игоря Святославича на половцев. Слово о полку Игореве. Сказание о полку Игореве. Сказание о Борисе и Глебе. Из "Слова о законе и благодати" Илариона. Из "Жития Феодосия Печерского". Чудо со змеем, бывшее со святым великомучеником Георгием. "Моление" Даниила Заточника. Житие Александра Невского и др.
_aВ кн. также: Критика и коммент. Темы и развернутые планы соч. Материалы для подгот. к уроку
606 0 _aДревнерусская литература
_xМетодика преподавания
_xСредняя школа
_91657736
_3RU\NLR\auth\66734160
606 0 _aДревнерусская литература
_xПреподавание
_xСредняя школа
_92143308
_3RU\NLR\auth\661291561
610 0 _aДревнерусская литература - Памятники (д. л.)
675 _a821.161.1-93
_v3
_zrus
686 _a17.82.93
_2rugasnti
686 _a84(2Рос-Рус)1-44
_2rubbk
686 _aШ9
_bШ5(2=Р)3
686 _aЧ426.21,6(2)313
702 1 _4220
_7ca
_8rus
_aСтрахова
_bЛ. Д.
_gЛюдмила Давыдовна
_9113478
_3RU\NLR\AUTH\773482
801 0 _aRU
_bRKP
_c20020419
_gPSBO
801 1 _aRU
_bRKP
_c20020419
801 2 _aRU
_bNLR
_c20020613
_grcr
942 _cBOOK
980 _aNB